El movimiento feminista : primeros trazos del feminismo en argentina /
Guardado en:
| Autor Principal: | |
|---|---|
| Formato: | Libro |
| Idioma: | Spanish |
| Publicado: |
Ciudad Autónoma de Buenos Aires :
Ediciones Biblioteca Nacional, c2009.
|
| Materias: | |
| Etiquetas: |
Agregar Etiqueta
Sin Etiquetas, Sea el primero en etiquetar este registro!
|
| LEADER | 00699nam a22002295a 4500 | ||
|---|---|---|---|
| 001 | EHU.bham040721 | ||
| 003 | AR-BHAM | ||
| 005 | 20110322125311.0 | ||
| 005 | 20100706090411.0 | ||
| 008 | 100601s2009####ag#######bm##f000#0#spa#d | ||
| 010 | |a 2010423297 | ||
| 020 | |a 9789879350669 | ||
| 082 | 3 | 0 | |a 305.42 |
| 100 | 1 | |a López, Elvira. | |
| 245 | 1 | 0 | |a El movimiento feminista : |b primeros trazos del feminismo en argentina / |c Elvira López : |
| 260 | |a Ciudad Autónoma de Buenos Aires : |b Ediciones Biblioteca Nacional, c2009. | ||
| 300 | |a 273 p. ; 19 cm. | ||
| 653 | |a Feminismo-historia | ||
| 653 | |a Tesis doctoral | ||
| 859 | |a AR-BHAM |b BIB. HUMANIDADES - General |h 305.42 |i L881 |p 64.10 |t Ej.1 | ||
